000 01526cam a2200313 i 4500
999 _c13201
_d13201
001 19287670
003 MAJU-Karachi
005 20220219120903.0
008 160923s2017 iaua 000 0 eng
010 _a 2016042444
020 _a9781259870538 (alk. paper)
040 _aDLC
_beng
_cDLC
_erda
_dDLC
042 _apcc
050 0 0 _aBF637.I5
_bS75 2017
082 0 0 _a158.3/9
_223
100 1 _aStewart, Charles J.,
_eauthor.
245 1 0 _aInterviewing :
_bprinciples and practices /
_cCharles J. Stewart, Purdue University, William B. Cash, Jr.
250 _aFifteenth Edition.
300 _a328 pages :
_bill. ;
_c22 cm
500 _aRevised edition of the authors' Interviewing, [2014]
505 0 _aPreface -- An introduction to interviewing -- An interpersonal communication process -- Questions and their uses -- Structuring the interview -- The informational interview -- The survey interview -- The recruiting interview -- The employment interview -- The performance interview -- The persuasive interview -- The counseling interview -- The health care interview -- Glossary -- Author index -- Subject index.
650 0 _aInterviewing
_vTextbooks.
650 0 _aEmployment interviewing
_vTextbooks.
650 0 _aCounseling
_vTextbooks.
700 1 _aCash, William B.,
_eauthor.
906 _a7
_bcbc
_corignew
_d1
_eecip
_f20
_gy-gencatlg
942 _2ddc
_cMANAGEMENT